Top 50 biggest Cities in Finland - 1 minute sprint - Statistics

General Stats
  • This quiz has been taken 15 times
  • The average score is 14 of 50
Answer Stats
City Population % Correct
Helsinki 558,457
100%
Tampere 202,687
93%
Turku 175,945
86%
Espoo 229,527
79%
Oulu 128,618
79%
Vantaa 190,058
79%
Jyväskylä 85,026
64%
Kuopio 89,104
64%
Pori 76,772
64%
Rovaniemi 34,781
64%
Joensuu 53,388
50%
Lahti 98,826
50%
Lappeenranta 59,276
50%
Mikkeli 46,550
50%
Vaasa 57,014
50%
Hämeenlinna 47,261
43%
Järvenpää 38,148
29%
Kotka 54,616
29%
Imatra 29,615
21%
Kajaani 35,375
21%
Kerava 31,347
21%
Porvoo 47,192
21%
Salo 24,900
21%
Savonlinna 27,353
21%
Seinäjoki 32,149
21%
Hamina 21,712
14%
Hollola 20,405
14%
Kemi 22,641
14%
Kirkkonummi 32,920
14%
Kouvola 31,133
14%
Nokia 28,676
14%
Tuusula 34,725
14%
Heinola 20,849
7%
Hyvinkää 43,515
7%
Iisalmi 22,588
7%
Kaarina 21,684
7%
Raahe 22,217
7%
Riihimäki 26,451
7%
Tornio 21,236
7%
Kangasala 24,291
0%
Karhula 22,867
0%
Karleby 35,586
0%
Lohja 35,960
0%
Nurmijärvi 37,073
0%
Raisio 23,597
0%
Rauma 36,550
0%
Valkeakoski 20,376
0%
Varkaus 22,365
0%
Vihti 26,280
0%
Ylöjärvi 22,140
0%
No matching quizzes found
Score Distribution
Percent of People with Each Score
Percentile by Number Answered
Your Score History
You have not taken this quiz